(Record no. 4887)
[ view plain ]
| 000 -LEADER | |
|---|---|
| campo de control de longitud fija | 00198nam a22000857a 4500 |
| 001 - NÚMERO DE CONTROL | |
| campo de control | 19135 |
| 005 - FECHA Y HORA DE LA ÚLTIMA TRANSACCIÓN | |
| campo de control | 20250522045708.0 |
| 008 - DATOS DE LONGITUD FIJA--INFORMACIÓN GENERAL | |
| campo de control de longitud fija | 5230202008 dr a |
| 260 ## - PUBLICACIÓN, DISTRIBUCIÓN, ETC. | |
| Lugar de publicación, distribución, etc. | República Dominicana, |
| Fecha de publicación, distribución, etc. | 2008 |
No items available.
